000 01213nam a2200241 a 4500
008 100122s2001 ||||||||||||||||| || u
020 _a187435720X
050 _aQL 692.A35 Imp
100 _aFishpool, Lincoln D. C
245 1 0 _aImportant bird areas in Africa and associated Islands: priority sites for conservation
_cedited by Lincoln D. C. Fishpool and Michael I. Evans
260 _aCambridge:
_bBirdlife International
_c2001
300 _axvi, 1144 pages : illustrations
350 _a0.00
490 _aBirdlife Conservation Series; No. 11
490 _v No. 11
500 _aBibliography
650 _aZOOLOGY
650 _aBIRDS--CONSERVATION--AFRICA
700 _aEvans, Michael I
995 _aMAIN LIBRARY OPEN ACCESS
_D0.00
_e740507
_FCBU-MAIN LIBRARY (Kitwe)
_H1
_I0.00
_jQL 692.A35 IMP
_M1
_UAVAILABLE
_WMar 3, 2010
_y740507
_ZMain Library Open Access Collection
995 _aMAIN LIBRARY OPEN ACCESS
_e743651
_FCBU-MAIN LIBRARY (Kitwe)
_I0.00
_jQL 692.A35 Imp
_M4
_UAVAILABLE
_WMay 23, 2013
_y743651
_ZMain Library Open Access Collection
995 _aANNEX COLLECTION (Main Library)
_e741908
_FCBU-MAIN LIBRARY (Kitwe)
_I0.00
_jQL 692.A35 Imp
_M3
_UAVAILABLE
_WMar 19, 2013
_y741908
_ZAnnex Low-Usage Collection
999 _c76431
_d76431